000 01189nam a2200325 a 4500
005 20160808125133.0
008 130902b2007 ck |||||r|||| 00| 0 spa d
040 _cCO-BoIH
041 _aspa
090 _aIAVH
_b00595
100 _aPerez, Clara
_91979
245 _aDensidad y ecología básica del Tití Gris Saguinus leucopus en el área de influencia del embalse Amaní, Norcasia, Caldas
_bInforme final
_cClara Pérez
260 _aBogotá
_bISAGEN
_bInstituto Alexander von Humboldt
_c2007
300 _a83 p.
500 _aInforme final Contrato No.46/2095
500 _aPrograma de monitoreo y seguimiento a la fauna silvestre.
650 _aPlan de manejo ambiental
_929966
650 _aEspecies en peligro
_929967
650 _aTiti Gris
_xárea de influencia
_zNorcasia (Departamento, Caldas)
_929968
700 _aFranco, Ana María
_9408
700 _aDevenish, Christian
_91983
700 _aForero , Fernando
_91984
700 _aSánchez, Juan David
_91985
700 _aMendoza, Humberto
_91986
700 _aMedina, Sandra
_91987
700 _aPedraza, Carlos
_91988
700 _91989
_aSantamaría, Marcela
942 _cINFORME
_2z
_01
945 _d2007-05-16
999 _c5512
_d5512